000 00611nam a2200241Ia 4500
008 170203s9999 xx 000 0 und d
020 _a1562932527
050 _aFic
050 _bC855
100 _aJordan, Polly.
245 _a100 frogs & 10 flies /
245 _cillustrated by Polly Jordan.
260 _aNew York :
260 _bMcClanahan Book Co.,
260 _c©1992.
300 _a10 unnumbered pages :
300 _bcolor illustrations ;
300 _c14 x 22 cm.
440 _aCount & find.
650 _aCounting --
650 _aCounting.
650 _xJuvenile literature.
999 _c306478
_d306478